[Event "Karlsruher SF-Erfurter Schachklub"]
[Site "Naumburg"]
[Date "2010.12.28"]
[Round "3.1"]
[White "Friedt, Marius"]
[Black "Cofman, Veaceslav"]
[Result "0-1"]
[WhiteElo "1775"]
[BlackElo "2026"]
[PlyCount "104"]
[EventDate "2010.??.??"]
[WhiteTeam "Erfurter Schachklub"]
[BlackTeam "Karlsruher SF"]

1. e4 Nf6 2. Nc3 e5 3. Nf3 Nc6 4. Bc4 Bc5 5. d3 h6 6. Be3 Bb6 7. Qd2 d6 8. h3
Ba5 9. a3 Be6 10. Ba2 Bxa2 11. Rxa2 d5 12. exd5 Nxd5 13. b4 Ncxb4 14. axb4 Bxb4
15. O-O Nxc3 16. Rb2 a5 17. Nxe5 Qe7 18. Bd4 Nb5 19. c3 Nxd4 20. cxb4 O-O 21.
Re1 Rfe8 22. Re4 Ne6 23. bxa5 c5 24. Nc4 Rad8 25. Rb6 Qc7 26. Qe2 Rf8 27. Re5
Nf4 28. Qe3 Nd5 29. Qe4 Nxb6 30. axb6 Qc8 31. Na5 Rd7 32. Re7 Rfd8 33. Nxb7
Rxe7 34. Qxe7 Rd7 35. Nd6 Rxe7 36. Nxc8 Rb7 37. Kf1 Kf8 38. Nd6 Rxb6 39. Nc4
Rb3 40. Ke2 Ke7 41. Nd2 Rb2 42. Ke3 f5 43. Nc4 Ra2 44. g3 Ke6 45. f4 g5 46. Nd2
Ra3 47. Nb1 Ra1 48. Nd2 Rh1 49. Nf3 Rxh3 50. fxg5 Rxg3 51. gxh6 Rh3 52. h7 Kf6
0-1

[Event "Karlsruher SF-Erfurter Schachklub"]
[Site "Naumburg"]
[Date "2010.12.28"]
[Round "3.2"]
[White "Wiesner, Paula"]
[Black "Bodenstein, Lars"]
[Result "1-0"]
[WhiteElo "1710"]
[BlackElo "1441"]
[PlyCount "39"]
[EventDate "2010.??.??"]
[WhiteTeam "Karlsruher SF"]
[BlackTeam "Erfurter Schachklub"]

1. e4 c5 2. c3 d5 3. exd5 Qxd5 4. d4 Nc6 5. Nf3 Bg4 6. Be2 O-O-O 7. dxc5 Qxc5
8. Qa4 Bxf3 9. Bxf3 Ne5 10. Bg4+ Nxg4 11. Qxg4+ f5 12. Qa4 Qd5 13. O-O a6 14.
Be3 Nf6 15. Na3 e5 16. Rfd1 Qe6 17. Rxd8+ Kxd8 18. Rd1+ Kc8 19. Nc4 Nd7 20.
Qxd7+ 1-0

[Event "Empor Berlin-Naumburger SV 1951"]
[Site "Naumburg"]
[Date "2010.12.28"]
[Round "3.1"]
[White "Wendling, Florian"]
[Black "Moritz, Aron"]
[Result "0-1"]
[WhiteElo "1971"]
[BlackElo "2095"]
[PlyCount "66"]
[EventDate "2010.??.??"]
[WhiteTeam "Naumburger SV 1951"]
[BlackTeam "Empor Berlin"]

1. e4 c5 2. Nf3 d6 3. d4 cxd4 4. Nxd4 Nf6 5. Nc3 g6 6. f3 Bg7 7. Be3 Nc6 8. Qd2
Bd7 9. O-O-O h5 10. Kb1 Rc8 11. Rg1 Ne5 12. Nd5 Nxd5 13. exd5 b5 14. h3 h4 15.
f4 Nc4 16. Bxc4 bxc4 17. Ne2 c3 18. Nxc3 Bxc3 19. bxc3 Bb5 20. Ka1 Bc4 21. Qd4
Qa5 22. Kb2 Qxa2+ 23. Kc1 Qa3+ 24. Kd2 Rh5 25. Qg7 Rxd5+ 26. Bd4 Bb5 27. Ke3
Rxd4 28. Qxd4 Rxc3+ 29. Kd2 Rc4 30. Qh8+ Kd7 31. Rb1 Qc5 32. c3 Qf2+ 33. Kd3
Rd4# 0-1

[Event "Empor Berlin-Naumburger SV 1951"]
[Site "Naumburg"]
[Date "2010.12.28"]
[Round "3.4"]
[White "Alcer, Fabian"]
[Black "Sträßer, Martin"]
[Result "1-0"]
[WhiteElo "1625"]
[BlackElo "1258"]
[PlyCount "91"]
[EventDate "2010.??.??"]
[WhiteTeam "Empor Berlin"]
[BlackTeam "Naumburger SV 1951"]

1. e4 e5 2. Nf3 Nc6 3. Bb5 a6 4. Ba4 Nf6 5. O-O d6 6. h3 Be7 7. Re1 O-O 8. c3
b5 9. Bc2 Bb7 10. d3 Re8 11. Nbd2 Bf8 12. Nf1 d5 13. Bg5 d4 14. a4 b4 15. cxd4
Nxd4 16. Nxd4 Qxd4 17. Bxf6 gxf6 18. Qg4+ Kh8 19. Bb3 Re7 20. Qh4 Qd6 21. Ng3
Bc8 22. Nh5 f5 23. Nf6 h6 24. Nd5 Re8 25. Ne3 Qg6 26. exf5 Bxf5 27. Nd5 Rac8
28. Re3 Qg5 29. Qxg5 hxg5 30. Rg3 Red8 31. Rxg5 Bxd3 32. Rxe5 Bg7 33. Rh5+ Bh7
34. Ne7 Bxb2 35. Rb1 Bc3 36. Nxc8 Rxc8 37. Rd1 Kg7 38. Rd7 Bg6 39. Ra5 Bc2 40.
Rxf7+ Kh8 41. Rh5+ Kg8 42. Rxc7+ Bxb3 43. Rxc8+ Kf7 44. Rc6 Bc2 45. Rxa6 b3 46.
Rb5 1-0

[Event "LSV Turm Lippstadt-BSG Chemie Leipzig"]
[Site "Naumburg"]
[Date "2010.12.28"]
[Round "3.1"]
[White "Müller, Marius"]
[Black "Tran, Duc Cuong"]
[Result "0-1"]
[WhiteElo "1950"]
[BlackElo "1945"]
[PlyCount "72"]
[EventDate "2010.??.??"]
[WhiteTeam "BSG Chemie Leipzig"]
[BlackTeam "LSV Turm Lippstadt"]

1. e4 c5 2. d4 cxd4 3. c3 dxc3 4. Nxc3 e6 5. Nf3 Nc6 6. Bc4 Qc7 7. O-O Nf6 8.
Re1 Ng4 9. Bb3 Bc5 10. Re2 Nd4 11. e5 Nxe2+ 12. Qxe2 Nxf2 13. Be3 Ng4 14. Nb5
Qc6 15. Nd6+ Ke7 16. Bxc5 Qxc5+ 17. Kf1 f6 18. Nc4 Nxe5 19. Rd1 Nxc4 20. Bxc4
Kf7 21. a3 d5 22. Ba2 Bd7 23. Nd4 a6 24. a4 Rac8 25. Rd2 b5 26. Nf5 bxa4 27.
Bc4 Bb5 28. Bxb5 axb5 29. Qh5+ g6 30. Nh6+ Kg7 31. Qh3 Qc4+ 32. Ke1 Qe4+ 33.
Kd1 Qf4 34. g3 Qxh6 35. Qxe6 Rhe8 36. Qxd5 Qh5+ 0-1

[Event "LSV Turm Lippstadt-BSG Chemie Leipzig"]
[Site "Naumburg"]
[Date "2010.12.28"]
[Round "3.2"]
[White "Scheer, Maximilian"]
[Black "Schmücker, Felix"]
[Result "0-1"]
[WhiteElo "1569"]
[BlackElo "1872"]
[PlyCount "62"]
[EventDate "2010.??.??"]
[WhiteTeam "LSV Turm Lippstadt"]
[BlackTeam "BSG Chemie Leipzig"]

1. e4 c5 2. Nf3 e6 3. Nc3 a6 4. d4 cxd4 5. Nxd4 Qc7 6. a3 Nf6 7. Be3 d6 8. Be2
Be7 9. O-O Nbd7 10. f4 b5 11. Bf3 Bb7 12. Nb3 Rc8 13. Rc1 O-O 14. Re1 Rfd8 15.
Bf2 e5 16. f5 Nb6 17. Na5 Ba8 18. Qe2 d5 19. exd5 Nbxd5 20. Nxd5 Bxd5 21. Bxd5
Nxd5 22. Nb3 Bg5 23. Nd2 Nc3 24. Qg4 Bxd2 25. f6 g6 26. Qh3 Ne2+ 27. Rxe2 Bxc1
28. Be3 Bxe3+ 29. Rxe3 Qd6 30. Rf3 e4 31. Qh6 Qf8 0-1

[Event "LSV Turm Lippstadt-BSG Chemie Leipzig"]
[Site "Naumburg"]
[Date "2010.12.28"]
[Round "3.3"]
[White "Hellwig, Tina"]
[Black "Valledor Pereira, Dominik Damian"]
[Result "0-1"]
[WhiteElo "1321"]
[BlackElo "1531"]
[PlyCount "66"]
[EventDate "2010.??.??"]
[WhiteTeam "BSG Chemie Leipzig"]
[BlackTeam "LSV Turm Lippstadt"]

1. e4 c5 2. d4 cxd4 3. c3 dxc3 4. Nxc3 Nc6 5. Nf3 d6 6. Bc4 Nf6 7. e5 Ng4 8.
Bxf7+ Kxf7 9. Ng5+ Ke8 10. e6 Nce5 11. Qa4+ Bd7 12. exd7+ Qxd7 13. Qxd7+ Kxd7
14. O-O h6 15. Nge4 a6 16. Rd1 Rc8 17. Bf4 g5 18. Bxe5 Nxe5 19. Rac1 Bg7 20.
Na4 Rxc1 21. Rxc1 Nc6 22. b3 Bd4 23. a3 Rc8 24. Kf1 b5 25. Nac3 Bxc3 26. Rxc3
Nd4 27. Rxc8 Kxc8 28. Nd2 Kc7 29. f3 d5 30. Kf2 Kd6 31. Ke3 Nc2+ 32. Kd3 Ne1+
33. Ke3 Nxg2+ {unleserlich} 0-1

[Event "SK Bebenhausen-SSC Rostock"]
[Site "Naumburg"]
[Date "2010.12.28"]
[Round "3.2"]
[White "Braun, Georg"]
[Black "Luther, Alexander"]
[Result "0-1"]
[WhiteElo "2140"]
[BlackElo "1802"]
[PlyCount "78"]
[EventDate "2010.??.??"]
[WhiteTeam "SK Bebenhausen"]
[BlackTeam "SSC Rostock"]

1. e4 c5 2. Nf3 e6 3. d4 cxd4 4. Nxd4 Nf6 5. Nc3 Nc6 6. Ndb5 d6 7. Bf4 e5 8.
Bg5 a6 9. Na3 b5 10. Nd5 Qa5+ 11. Bd2 Qd8 12. c4 Nxe4 13. cxb5 Be6 14. bxc6
Bxd5 15. Qa4 Qb6 16. Be3 Qxc6 17. Qa5 Be7 18. Rd1 Nf6 19. Rc1 Bd8 20. Qd2 Qb7
21. Nc4 Bxc4 22. Rxc4 d5 23. Ra4 d4 24. Bxd4 exd4 25. Qe2+ Qe7 26. Qxe7+ Bxe7
27. Bb5+ Kf8 28. Bxa6 g6 29. O-O Kg7 30. Rd1 Rhd8 31. Kf1 Ne8 32. Bb5 Rxa4 33.
Bxa4 Bf6 34. b4 Nd6 35. Bc6 Nc4 36. a4 d3 37. a5 Nb2 38. a6 Nxd1 39. a7 Ne3+
0-1

[Event "SK Gernsheim-Stader SV"]
[Site "Naumburg"]
[Date "2010.12.28"]
[Round "3.3"]
[White "Carmesin, Matthias"]
[Black "Müller, Markus"]
[Result "1-0"]
[WhiteElo "1927"]
[BlackElo "1556"]
[PlyCount "99"]
[EventDate "2010.??.??"]
[WhiteTeam "Stader SV"]
[BlackTeam "SK Gernsheim"]

1. e4 c5 2. Nf3 a6 3. d4 cxd4 4. Nxd4 Nf6 5. Nc3 e5 6. Nf3 Bb4 7. Bc4 Nc6 8.
O-O O-O 9. Nd5 Be7 10. Re1 d6 11. h3 Na5 12. Nxf6+ Bxf6 13. Bd5 Nc6 14. b3 Nb4
15. c4 Nxd5 16. Qxd5 Qc7 17. Ba3 Rd8 18. Rad1 Be7 19. Bb2 Be6 20. Qd3 Rac8 21.
Rc1 Qb6 22. Re2 Rc6 23. Rd2 h6 24. Rcd1 Rc7 25. Qc3 Rcd7 26. Ba3 Qc7 27. Bb4 b6
28. a4 Kf8 29. Qb2 Qb7 30. Qc2 Qc7 31. Qa2 Qb7 32. a5 b5 33. cxb5 Qxb5 34. Qa3
Re8 35. Nh2 Qb7 36. f3 Qa7+ 37. Kh1 Qb8 38. Ng4 Bxg4 39. hxg4 Red8 40. Bc5 Ke8
41. Qa4 Qb5 42. Qxb5 axb5 43. Bb6 Rb8 44. Rd5 Rdb7 45. Rxb5 Kd7 46. Rxe5 Kc6
47. Red5 g6 48. b4 Ra8 49. b5+ Kd7 50. e5 1-0

[Event "Karlsruher SF-Erfurter Schachklub"]
[Site "Naumburg"]
[Date "2010.12.28"]
[Round "3.4"]
[White "Baum, Felix"]
[Black "Meichsner, Marwin"]
[Result "1/2-1/2"]
[WhiteElo "1414"]
[BlackElo "1349"]
[PlyCount "77"]
[EventDate "2010.??.??"]
[WhiteTeam "Karlsruher SF"]
[BlackTeam "Erfurter Schachklub"]

1. b3 {[%emt 0:00:00]} e5 {[%emt 0:00:00]} 2. Bb2 d6 3. g3 c5 4. Bg2 Nc6 5. c4
Nge7 6. Nc3 Be6 7. Nd5 Qd7 8. h4 Bxd5 9. cxd5 Nb4 10. Qc1 Nbxd5 11. Nh3 Rb8 12.
Ng5 b5 13. d3 Nb6 14. Ba3 b4 15. Bb2 a5 16. Qc2 Nc6 17. e3 h6 18. Nf3 Be7 19.
Rc1 O-O 20. d4 exd4 21. exd4 Qe6+ 22. Kf1 Rfd8 23. Ng5 hxg5 24. hxg5 Qg6 25.
Bxc6 Qxc2 26. Rxc2 Rbc8 27. Be4 Bxg5 28. Bh7+ Kf8 29. Bf5 Rb8 30. Rh8+ Ke7 31.
Re2+ Kf6 32. Rxd8 Rxd8 33. dxc5+ Kxf5 34. cxb6 Bf6 35. Bc1 Rb8 36. Be3 Bd8 37.
Rd2 Ke6 38. Rxd6+ Kxd6 39. Bf4+ 1/2-1/2